000 nam a22 a 4500
999 _c183242
_d183242
003 BLK
005 20220614124825.0
008 180411b bul|||||r ||||||| ||bul||
010 _aKNG00192172000
040 _aBLK
041 _aBUL
_cBUL
080 _aЖивотновъдни сгради и съоръжения. Ферми. Спомагателни помещения. Оборудване. Вж и 728. 9; 69; 636. 08; 727. 6; 631. 3
_b631.22
_z631.22
100 1 _aДимов, Стаю
_eпърви автор
_9343142
139 _aДимов, Стаю и др.
_bД 60
245 1 0 _aСъвременни насоки в механизацията на животновъдните ферми
_cСтаю Димов; съавт. Иван Горанов; съавт. Илия Шериев.
257 _aBGR
260 _aСофия
_bЗемиздат
_c1968
_fХасково : Ат. Стратиев
300 _a152 с.
_bс ил.
_c22 см
380 _a63
500 _a1 680 тир.
650 4 _aЖивотновъдни ферми - механизация
_9343148
700 1 _aГоранов, Иван
_eсъавт.
_9382107
700 1 _aШериев, Илия
_eсъавт.
_9143250
852 _aЦб 45105
_bЦб
856 4 _qpdf
856 4 _qpdf
942 _cKNG
_n0
_s1
944 _aCR
_c10.10.2016
_kКети_Илиева
944 _aED
_c10.10.2016
_kКети_Илиева